000 00743nam a2200229Ia 4500
001 19837
003 DO-CoUTE
005 20260204212552.0
008 220104s9999 dr 000 0 spa d
020 _a99934-30-16-1
040 _aDO-CoUTE
_bspa
_cDO-CoUTE
041 0 _aspa
082 _aRD 970.004979 SE471c
110 _aFederación Internacional de Sociedades Científicas
245 1 0 _aCulturas aborígenes del caribe / Federación Internacional de Sociedades Científicas
260 _aSanto Domingo,República Dominicana:Banco Central de la República Dominicana
300 _a308 páginas
650 4 _aCulturas precolombinas
942 _2ddc
_cBK
999 _c20639
_d20639